Directory of key personnel in public enterprises and "Who is Who" in public sector (Record no. 435612)
[ view plain ]
| 000 -LEADER | |
|---|---|
| fixed length control field | 00325cam a22000977a 4500 |
| 008 - FIXED-LENGTH DATA ELEMENTS--GENERAL INFORMATION | |
| fixed length control field | 180718b xxu||||| |||| 00| 0 eng d |
| 082 ## - DEWEY DECIMAL CLASSIFICATION NUMBER | |
| Classification number | U61009x54 D628 |
| 245 ## - TITLE STATEMENT | |
| Title | Directory of key personnel in public enterprises and "Who is Who" in public sector |
| 260 ## - PUBLICATION, DISTRIBUTION, ETC. | |
| Place of publication, distribution, etc. | |
| Name of publisher, distributor, etc. | Standing Conference of Public Enterprises |
| Date of publication, distribution, etc. | |
| 300 ## - PHYSICAL DESCRIPTION | |
| Extent | viii, 283p. |
No items available.
